[Event "21. SCHACHFESTIVAL BASEL 2019 -- WEEKEND"]
[Site "?"]
[Date "2019.01.04"]
[Round "1.1"]
[White "Kuenzi, Mark"]
[Black "Kelecevic, Nedeljko"]
[Result "1/2-1/2"]
[WhiteElo "1860"]
[BlackElo "2190"]
[PlyCount "84"]
[EventDate "2019.01.04"]

1. d4 Nf6 2. c4 c5 3. d5 e5 4. Nc3 d6 5. e4 Be7 6. f4 exf4 7. Bxf4 O-O 8. Bd3
a6 9. a4 b6 10. Nf3 Nbd7 11. O-O Ng4 12. Qe1 Nge5 13. Rd1 Bf6 14. Rd2 Qe7 15.
Qg3 Ra7 16. Nd1 Nxf3+ 17. Qxf3 Bg5 18. Bxg5 Qxg5 19. Qf4 Qxf4 20. Rxf4 Ne5 21.
Ne3 Re7 22. Bc2 Rd8 23. b3 Rb7 24. Bd1 Bd7 25. Ra2 Nd3 26. Rf1 Re8 27. Bf3 g6
28. g4 Kg7 29. Kg2 h6 30. Kg3 f5 31. gxf5 gxf5 32. Nxf5+ Bxf5 33. exf5 Kf6 34.
Re2 Rg7+ 35. Kh4 Rxe2 36. Bxe2 Ne5 37. Kh3 Rg5 38. Rf2 Rxf5 39. Rxf5+ Kxf5 40.
Kh4 Ng6+ 41. Kg3 Ne5 42. Kh4 Ng6+ 1/2-1/2

[Event "21. SCHACHFESTIVAL BASEL 2019 -- WEEKEND"]
[Site "?"]
[Date "2019.01.04"]
[Round "1.2"]
[White "Xheladini, Mahmut"]
[Black "Berweger, Ivo"]
[Result "1-0"]
[WhiteElo "2171"]
[BlackElo "1845"]
[PlyCount "107"]
[EventDate "2019.01.04"]

1. e4 e5 2. Nf3 Nc6 3. Bb5 a6 4. Ba4 Nf6 5. O-O Be7 6. Re1 b5 7. Bb3 d6 8. c3
Bg4 9. d3 Na5 10. Bc2 O-O 11. Be3 c5 12. Nbd2 Qc7 13. Nf1 Rfd8 14. Ng3 g6 15.
h3 Bxf3 16. Qxf3 c4 17. d4 Nc6 18. d5 Nb8 19. a4 Nbd7 20. Ra2 Nc5 21. Rea1 Nb3
22. Bxb3 cxb3 23. Ra3 Qc4 24. axb5 Qxb5 25. Qd1 Rdb8 26. Ra5 Qb7 27. Qd3 Qc8
28. Rxa6 Rxa6 29. Qxa6 Qc7 30. f3 Nd7 31. Nf1 Nb6 32. Bxb6 Rxb6 33. Qe2 Bg5 34.
Nd2 Kg7 35. Nc4 Rb8 36. Ra6 Be7 37. Na5 Qxc3 38. bxc3 b2 39. Qxb2 Rxb2 40. Nc4
Rc2 41. Nxd6 Bxd6 42. Rxd6 Rxc3 43. Rc6 Rd3 44. Rc2 g5 45. Kf2 Kf8 46. Rc8+ Kg7
47. Kg3 h5 48. Re8 Kf6 49. h4 g4 50. Rg8 gxf3 51. gxf3 Rd1 52. Kg2 Rd2+ 53. Kh3
Rf2 54. Kg3 1-0

[Event "21. SCHACHFESTIVAL BASEL 2019 -- WEEKEND"]
[Site "?"]
[Date "2019.01.04"]
[Round "1.3"]
[White "Odermatt, Klaus"]
[Black "Kandic, Milan"]
[Result "0-1"]
[WhiteElo "1835"]
[BlackElo "2136"]
[PlyCount "146"]
[EventDate "2019.01.04"]

1. e4 d6 2. d4 Nf6 3. Nc3 e5 4. dxe5 dxe5 5. Qxd8+ Kxd8 6. Bg5 Be6 7. Nf3 Bd6
8. Rd1 h6 9. Bh4 Nc6 10. Bb5 Ke7 11. a3 a6 12. Bxc6 bxc6 13. O-O Rhb8 14. Rb1
g5 15. Bg3 Nd7 16. Rfe1 f6 17. Nd2 a5 18. Na4 Nb6 19. Nc3 a4 20. f3 Nd7 21. Bf2
Nc5 22. Nd1 Kf7 23. Ne3 Ba2 24. Ndc4 Bxb1 25. Rxb1 Bf8 26. Kf1 Ne6 27. Nf5 Rd8
28. Ke2 Nf4+ 29. Kf1 Rd7 30. g3 Ng6 31. Ke2 Ne7 32. Nfe3 Rd4 33. c3 Rdd8 34.
Rd1 Rxd1 35. Kxd1 Nc8 36. Nf5 Nd6 37. Nfe3 Nxc4 38. Nxc4 Rb8 39. Kc2 Rb5 40.
Be3 h5 41. h3 Ke6 42. Bf2 Be7 43. Bg1 Kd7 44. Bf2 Rb8 45. Kd3 Rg8 46. Ke2 Bd6
47. Kf1 Rb8 48. Ke2 Rb5 49. Be3 Bc5 50. Bxc5 Rxc5 51. Kd3 Rb5 52. Ke2 Rb8 53.
Ke3 Rg8 54. Kf2 Ke6 55. Ke3 g4 56. fxg4 hxg4 57. h4 Rd8 58. Ke2 Kf7 59. Ne3 Rb8
60. Nc4 Kg6 61. Ke1 f5 62. Nxe5+ Kg7 63. Nc4 fxe4 64. Ke2 Rf8 65. Nd2 Rd8 66.
Nxe4 Rb8 67. Ke3 Rxb2 68. Kf4 Rb3 69. Kxg4 Rxa3 70. h5 Rb3 71. Kf4 a3 72. Nc5
Rxc3 73. Ne6+ Kh8 0-1

[Event "21. SCHACHFESTIVAL BASEL 2019 -- WEEKEND"]
[Site "?"]
[Date "2019.01.04"]
[Round "1.4"]
[White "Dushatskiy, Fedor"]
[Black "Van Zwet, Matthias"]
[Result "1/2-1/2"]
[WhiteElo "2133"]
[BlackElo "1825"]
[PlyCount "40"]
[EventDate "2019.01.04"]

1. d4 g6 2. Nf3 Bg7 3. c4 d6 4. Nc3 Bg4 5. g3 Nc6 6. d5 Bxf3 7. exf3 Nd4 8. Be3
c5 9. dxc6 Nxc6 10. Qd2 Nf6 11. Be2 O-O 12. O-O Rc8 13. Rac1 b6 14. b3 Qd7 15.
Kg2 Qb7 16. Rfd1 Rfd8 17. Bg5 Nd7 18. h4 Nc5 19. Nd5 Ne6 20. Bh6 Bh8 1/2-1/2

[Event "21. SCHACHFESTIVAL BASEL 2019 -- WEEKEND"]
[Site "?"]
[Date "2019.01.04"]
[Round "1.5"]
[White "Schepers, Nico"]
[Black "Keough, Robert W"]
[Result "0-1"]
[WhiteElo "1821"]
[BlackElo "2129"]
[PlyCount "74"]
[EventDate "2019.01.04"]

1. e4 c5 2. Nf3 a6 3. g3 Nc6 4. Bg2 g6 5. O-O Bg7 6. c3 e5 7. d3 Nge7 8. Ne1
O-O 9. f4 d5 10. Qc2 Be6 11. Nd2 Qd7 12. Ndf3 h6 13. Nxe5 Nxe5 14. fxe5 Nc6 15.
Nf3 dxe4 16. dxe4 Qc7 17. Be3 b6 18. Rad1 Rad8 19. b3 Kh7 20. Qc1 Nxe5 21. Nxe5
Qxe5 22. c4 g5 23. Bf2 Qc7 24. Qc2 Be5 25. Qe2 Rxd1 26. Rxd1 Rd8 27. Be3 g4 28.
Rf1 Qd7 29. Bf4 Bd4+ 30. Be3 Qd6 31. Kf2 Be5 32. Re1 h5 33. Kg1 h4 34. Bg5 Qd4+
35. Be3 Qc3 36. gxh4 Rd3 37. h3 Rxe3 0-1

[Event "21. SCHACHFESTIVAL BASEL 2019 -- WEEKEND"]
[Site "?"]
[Date "2019.01.04"]
[Round "2.1"]
[White "Isert, Fabian"]
[Black "Xheladini, Mahmut"]
[Result "0-1"]
[WhiteElo "2001"]
[BlackElo "2171"]
[PlyCount "142"]
[EventDate "2019.01.04"]

1. c4 e5 2. Nc3 Nf6 3. Nf3 Nc6 4. e3 d6 5. d4 Bg4 6. Be2 Qd7 7. O-O h6 8. a3 a5
9. b3 g5 10. dxe5 dxe5 11. Qxd7+ Nxd7 12. Nd5 Bd6 13. Bb2 O-O 14. Rfd1 f6 15.
Kf1 Kg7 16. Rac1 Rf7 17. h3 Bf5 18. g4 Be6 19. Nd2 Nc5 20. Nc3 Rh8 21. Nce4 h5
22. Nxc5 Bxc5 23. Ne4 Be7 24. Ng3 hxg4 25. hxg4 Rh4 26. Nf5+ Bxf5 27. gxf5 Bc5
28. Bd3 Kg8 29. Ke2 Rfh7 30. Rg1 Rh2 31. Rcf1 R7h3 32. Bc1 Ne7 33. Be4 b6 34.
Rg4 Nc8 35. Rfg1 Nd6 36. Bd3 Rh4 37. Bb2 Kg7 38. Bc2 e4 39. Bc1 Kg8 40. Bb2 Kf7
41. Bc1 Rh1 42. Rxh1 Rxh1 43. Bb2 Nxf5 44. Bxe4 Nxe3 45. fxe3 Rh3 46. Bd5+ Kg6
47. Bd4 f5 48. Bf7+ Kxf7 49. Rxg5 Bxd4 50. exd4 Kf6 51. Rg8 Rxb3 52. Rc8 Rxa3
53. Rxc7 Rb3 54. Ra7 Rc3 55. Ra6 Rxc4 56. Rxb6+ Kg5 57. Ra6 Rxd4 58. Rxa5 Kg4
59. Ra8 Kg3 60. Rg8+ Rg4 61. Ra8 Kg2 62. Rf8 f4 63. Rf7 Kg3 64. Kf1 Rg5 65. Rf8
Rh5 66. Rg8+ Kf3 67. Kg1 Rb5 68. Re8 Rb1+ 69. Kh2 Kf2 70. Ra8 Re1 71. Rf8 f3
0-1

[Event "21. SCHACHFESTIVAL BASEL 2019 -- WEEKEND"]
[Site "?"]
[Date "2019.01.04"]
[Round "2.2"]
[White "Kandic, Milan"]
[Black "Silva, Lucas Borges Da"]
[Result "1/2-1/2"]
[WhiteElo "2136"]
[BlackElo "2002"]
[PlyCount "73"]
[EventDate "2019.01.04"]

1. e4 e5 2. Nf3 Nc6 3. Bc4 Bc5 4. b4 Bxb4 5. c3 Be7 6. d4 Na5 7. Nxe5 Nxc4 8.
Nxc4 d5 9. exd5 Qxd5 10. Ne3 Qd7 11. O-O Nf6 12. Qf3 O-O 13. Nd2 Qc6 14. Qxc6
bxc6 15. Nec4 Nd5 16. Re1 Ba6 17. Bb2 c5 18. Ba3 Rfe8 19. Re5 cxd4 20. cxd4
Bxa3 21. Nxa3 Rxe5 22. dxe5 Nc3 23. g3 Rd8 24. Ndc4 Rd4 25. Ne3 Ra4 26. Nac2
Rxa2 27. f4 Rxa1+ 28. Nxa1 Kf8 29. Kf2 h5 30. Nb3 Bb5 31. Nc5 a5 32. e6 a4 33.
Nc2 Bc6 34. Ke3 Nd5+ 35. Kd4 Ke7 36. exf7 Kxf7 37. Na3 1/2-1/2

[Event "21. SCHACHFESTIVAL BASEL 2019 -- WEEKEND"]
[Site "?"]
[Date "2019.01.04"]
[Round "2.3"]
[White "Keough, Robert W"]
[Black "Portmann, Daniel"]
[Result "1-0"]
[WhiteElo "2129"]
[BlackElo "1980"]
[PlyCount "87"]
[EventDate "2019.01.04"]

1. e4 c5 2. Nf3 e6 3. d4 cxd4 4. c3 Nf6 5. e5 Nd5 6. cxd4 d6 7. Bc4 Nc6 8. O-O
Be7 9. Bd2 O-O 10. Nc3 dxe5 11. dxe5 Nb6 12. Bb5 Bd7 13. Be3 Qc7 14. Rc1 Rad8
15. Qe2 Qb8 16. Bf4 Nb4 17. Bg5 Bxg5 18. Nxg5 Bxb5 19. Nxb5 h6 20. Nf3 Nxa2 21.
Ra1 Nb4 22. Nxa7 Nd3 23. Rfd1 Nxe5 24. Nxe5 Rxd1+ 25. Rxd1 Qxa7 26. Qe3 Qa4 27.
b3 Qb5 28. h3 Nd5 29. Qf3 Nf6 30. Nc4 Qb4 31. g4 Nd5 32. h4 Qe7 33. Qg3 Qf6 34.
g5 hxg5 35. hxg5 Qf5 36. Rd3 Rd8 37. Rf3 Qg6 38. Kg2 Qh5 39. Nd2 Rc8 40. Ne4
Qg6 41. Nd6 Rc7 42. Nc4 Qe4 43. Nd6 Rc8 44. Nxe4 1-0

[Event "21. SCHACHFESTIVAL BASEL 2019 -- WEEKEND"]
[Site "?"]
[Date "2019.01.04"]
[Round "2.4"]
[White "Prill, Gerhard"]
[Black "Vianin, Pascal"]
[Result "1/2-1/2"]
[WhiteElo "1966"]
[BlackElo "2127"]
[PlyCount "60"]
[EventDate "2019.01.04"]

1. e4 g6 2. d4 Bg7 3. Nf3 d6 4. c3 Nf6 5. Bd3 O-O 6. O-O c6 7. Re1 Qc7 8. a4 e5
9. dxe5 dxe5 10. Bf1 Nbd7 11. Nbd2 Rd8 12. Qc2 Ne8 13. a5 Nf8 14. Nc4 h6 15.
Be3 Be6 16. Ra4 f6 17. Rea1 Qf7 18. Rb4 Nd6 19. Nfd2 Nb5 20. Na3 Nxa3 21. Rxa3
Rd7 22. Nb3 Bxb3 23. Raxb3 Qe7 24. f3 Kh7 25. Qf2 Ne6 26. h3 Bf8 27. Kh2 Qf7
28. Ra4 Rad8 29. Bc4 Qe8 30. Ra1 Nf4 1/2-1/2

[Event "21. SCHACHFESTIVAL BASEL 2019 -- WEEKEND"]
[Site "?"]
[Date "2019.01.04"]
[Round "2.5"]
[White "Milovanovic, Milos"]
[Black "Rohrer, Christophe"]
[Result "0-1"]
[WhiteElo "1925"]
[BlackElo "2096"]
[PlyCount "68"]
[EventDate "2019.01.04"]

1. e4 c5 2. Nf3 e6 3. d4 cxd4 4. Nxd4 a6 5. Nc3 d6 6. Bd3 Nf6 7. Bg5 Be7 8. f3
Nxe4 9. Nxe4 Bxg5 10. Nxg5 Qxg5 11. O-O Bd7 12. Kh1 Nc6 13. f4 Qd5 14. Nxc6
Bxc6 15. Rf2 Qd4 16. Qe1 Qxb2 17. f5 e5 18. f6 g6 19. Bc4 Qd4 20. Bb3 e4 21.
Rd1 Qe5 22. Qb4 O-O-O 23. Bxf7 Rhf8 24. Qb3 d5 25. Qh3+ Kb8 26. Qe6 Qxe6 27.
Bxe6 Rd6 28. Bg4 Rdxf6 29. Rxf6 Rxf6 30. Kg1 Kc7 31. Rf1 Rxf1+ 32. Kxf1 d4 33.
Be6 Kd6 34. Bg8 h6 0-1

[Event "21. SCHACHFESTIVAL BASEL 2019 -- WEEKEND"]
[Site "?"]
[Date "2019.01.05"]
[Round "3.1"]
[White "Xheladini, Mahmut"]
[Black "Senn, Roland"]
[Result "1-0"]
[WhiteElo "2171"]
[BlackElo "2050"]
[PlyCount "101"]
[EventDate "2019.01.04"]

1. e4 e6 2. d4 d5 3. exd5 exd5 4. Bf4 Bf5 5. Nf3 Nf6 6. a3 Bd6 7. Bg3 O-O 8.
Be2 Ne4 9. b3 c6 10. c4 Qa5+ 11. Kf1 Nxg3+ 12. hxg3 dxc4 13. bxc4 Qc7 14. Bd3
Qd7 15. Ng5 h6 16. Qc2 Bxd3+ 17. Qxd3 f5 18. Nf3 Qe6 19. Nbd2 Nd7 20. a4 b6 21.
a5 Qf6 22. Ra2 Bb4 23. a6 Bd6 24. Rh5 Rae8 25. Nh4 g5 26. Nhf3 Kg7 27. Nb3 Re7
28. Ng1 Qg6 29. Rh3 Rfe8 30. Re2 Rxe2 31. Nxe2 Qe6 32. d5 cxd5 33. Nbd4 Qe5 34.
f4 dxc4 35. Nxf5+ Kf8 36. Qxd6+ Qxd6 37. Nxd6 Re6 38. Nxc4 b5 39. Nd2 Rxa6 40.
fxg5 hxg5 41. Rh5 Rg6 42. Ne4 Nf6 43. Rxg5 Rxg5 44. Nxg5 Ke7 45. Nd4 a6 46. Ke2
Kd6 47. Kd3 Kd5 48. Nge6 Ne4 49. Nc7+ Ke5 50. Nf3+ Kd6 51. Nxb5+ 1-0

[Event "21. SCHACHFESTIVAL BASEL 2019 -- WEEKEND"]
[Site "?"]
[Date "2019.01.05"]
[Round "3.2"]
[White "Künzli, Simon"]
[Black "Keough, Robert W"]
[Result "1/2-1/2"]
[WhiteElo "2053"]
[BlackElo "2129"]
[PlyCount "110"]
[EventDate "2019.01.04"]

1. e4 e6 2. d4 d5 3. e5 c5 4. c3 Nc6 5. Nf3 Bd7 6. Be2 f6 7. exf6 Nxf6 8. O-O
Bd6 9. a3 c4 10. Nbd2 Qc7 11. b3 cxb3 12. c4 Ne4 13. c5 Nc3 14. Qe1 Bxh2+ 15.
Nxh2 Nxd4 16. Bd3 Qxc5 17. Bb2 Nc2 18. Bxc2 Na4 19. Bf5 Nxb2 20. Bxe6 O-O-O 21.
Nxb3 Qd6 22. Bxd7+ Rxd7 23. Qc3+ Nc4 24. Nf3 Kb8 25. Nbd4 Rf8 26. Qb4 Rf6 27.
Qxd6+ Rdxd6 28. Rfe1 a6 29. Re7 Rg6 30. a4 Rdf6 31. Rb1 Rb6 32. Rxb6 Nxb6 33.
a5 Nc4 34. Ne5 Nxe5 35. Rxe5 Rd6 36. Re7 Rg6 37. Rd7 b5 38. axb6 Rxb6 39. Rxd5
Kc7 40. Kf1 Rd6 41. Rxd6 Kxd6 42. Ke2 Kd5 43. Kd3 a5 44. Nf5 g5 45. Ne3+ Ke6
46. Ke4 a4 47. Nc2 h5 48. f3 Kf6 49. Na3 Ke6 50. Nc4 Kf6 51. Na3 h4 52. Nc2 Ke6
53. Kd4 Kf6 54. Na3 Ke6 55. Nc4 Kf6 1/2-1/2

[Event "21. SCHACHFESTIVAL BASEL 2019 -- WEEKEND"]
[Site "?"]
[Date "2019.01.05"]
[Round "3.3"]
[White "Rohrer, Christophe"]
[Black "Luginbühl, Robert"]
[Result "1-0"]
[WhiteElo "2096"]
[BlackElo "2017"]
[PlyCount "63"]
[EventDate "2019.01.04"]

1. e4 c5 2. Nf3 g6 3. d4 cxd4 4. Nxd4 Nc6 5. Nc3 Bg7 6. Be3 Nf6 7. Bc4 O-O 8.
Bb3 a5 9. a4 Ng4 10. Qxg4 Nxd4 11. Qd1 Nxb3 12. cxb3 Ra6 13. O-O Re6 14. Bd4 f5
15. Bxg7 Kxg7 16. Qd4+ Kg8 17. Rfe1 d6 18. Qc4 Kg7 19. Qd4+ Kg8 20. Rad1 fxe4
21. Nxe4 Rf5 22. Ng3 Rf7 23. h4 Qc7 24. Ne4 Qd8 25. Re3 h6 26. h5 Kh7 27. Rde1
Qh8 28. Qd3 Rxe4 29. hxg6+ Kxg6 30. Qxe4+ Bf5 31. Qd5 Qf6 32. Re6 1-0

[Event "21. SCHACHFESTIVAL BASEL 2019 -- WEEKEND"]
[Site "?"]
[Date "2019.01.05"]
[Round "3.4"]
[White "Kummle, Thomas"]
[Black "Kelecevic, Nedeljko"]
[Result "1/2-1/2"]
[WhiteElo "2086"]
[BlackElo "2190"]
[PlyCount "46"]
[EventDate "2019.01.04"]

1. d4 c5 2. d5 e5 3. e4 d6 4. Bb5+ Nd7 5. a4 Ngf6 6. Nc3 Be7 7. Nf3 O-O 8. O-O
Ne8 9. Bd3 a6 10. h3 b6 11. Ne2 Rb8 12. c4 g6 13. Bh6 Ng7 14. g4 Nf6 15. Nh2
Kh8 16. Qd2 Ng8 17. Be3 f5 18. f3 f4 19. Bf2 Bh4 20. Qe1 Bxf2+ 21. Qxf2 g5 22.
Rfb1 a5 23. Kf1 Qf6 1/2-1/2

[Event "21. SCHACHFESTIVAL BASEL 2019 -- WEEKEND"]
[Site "?"]
[Date "2019.01.05"]
[Round "3.5"]
[White "Prill, Gerhard"]
[Black "Kandic, Milan"]
[Result "0-1"]
[WhiteElo "1966"]
[BlackElo "2136"]
[PlyCount "100"]
[EventDate "2019.01.04"]

1. e4 d6 2. d4 Nf6 3. Nc3 g6 4. f3 c6 5. a4 a5 6. Bd3 Bg7 7. Nge2 e5 8. dxe5
dxe5 9. Be3 O-O 10. O-O Be6 11. Qe1 Na6 12. Qf2 Nb4 13. Nc1 Nd7 14. Rd1 Nxd3
15. Nxd3 b6 16. Ne1 Qc7 17. Rd2 Rab8 18. Rad1 Rfe8 19. h3 Bf8 20. Nd3 Bc4 21.
Nc1 Nc5 22. Kh1 Red8 23. Bg5 Rxd2 24. Rxd2 Ne6 25. Bf6 Bg7 26. Bxg7 Kxg7 27. b3
Ba6 28. Qg3 Nf4 29. Nd1 Rd8 30. Qe1 Qe7 31. Rxd8 Qxd8 32. Ne3 Qd4 33. c3 Qc5
34. c4 h5 35. Kh2 Bc8 36. Qf2 Qd4 37. h4 Qc3 38. Nc2 Ne6 39. Qe2 Nc5 40. Qd1
Nxb3 41. Ne2 Qxc4 42. Ne3 Qe6 43. Nd5 cxd5 44. exd5 Qe7 45. Kg3 Nc5 46. Nc3 Qf6
47. d6 Qf4+ 48. Kf2 Qxh4+ 49. Ke3 Qf4+ 50. Kf2 Qd4+ 0-1

[Event "21. SCHACHFESTIVAL BASEL 2019 -- WEEKEND"]
[Site "?"]
[Date "2019.01.05"]
[Round "4.1"]
[White "Rohrer, Christophe"]
[Black "Xheladini, Mahmut"]
[Result "1-0"]
[WhiteElo "2096"]
[BlackElo "2171"]
[PlyCount "73"]
[EventDate "2019.01.04"]

1. e4 c6 2. d4 d6 3. Nc3 Nd7 4. g3 e5 5. Nge2 Ngf6 6. Bg2 Qc7 7. O-O Be7 8. h3
h6 9. f4 Nh5 10. Kh2 g5 11. fxe5 dxe5 12. d5 a5 13. Be3 a4 14. a3 Bc5 15. Bxc5
Nxc5 16. Nc1 Ng7 17. Nd3 Qe7 18. Nxc5 Qxc5 19. Qf3 Qe7 20. Qf6 Qxf6 21. Rxf6
Nh5 22. Rf2 g4 23. h4 f6 24. Rd1 Bd7 25. Bf1 Ke7 26. Rfd2 Rhd8 27. Be2 Ng7 28.
Bc4 Ne8 29. dxc6 bxc6 30. Na2 Ra7 31. Nb4 Rc8 32. Kg2 f5 33. Nd3 Nf6 34. Nxe5
fxe4 35. Ng6+ Ke8 36. Rf2 Bf5 37. Rxf5 1-0

[Event "21. SCHACHFESTIVAL BASEL 2019 -- WEEKEND"]
[Site "?"]
[Date "2019.01.05"]
[Round "4.2"]
[White "Kandic, Milan"]
[Black "Vianin, Pascal"]
[Result "1-0"]
[WhiteElo "2136"]
[BlackElo "2127"]
[PlyCount "145"]
[EventDate "2019.01.04"]

1. Nf3 Nf6 2. d4 e6 3. Bf4 b6 4. e3 Bb7 5. Bd3 Be7 6. Nbd2 Nh5 7. Bg3 d6 8. Qe2
Nd7 9. O-O-O Bf6 10. Kb1 Nxg3 11. hxg3 g6 12. Ne4 Qe7 13. Nxf6+ Nxf6 14. Bb5+
c6 15. Bd3 O-O-O 16. e4 e5 17. dxe5 dxe5 18. Bc4 Rxd1+ 19. Rxd1 Nd7 20. Qe3 f6
21. g4 g5 22. a3 Kc7 23. Ng1 Rd8 24. Ne2 Nc5 25. Rh1 Rd7 26. Ng3 Qd8 27. Qf3 b5
28. Be2 Ne6 29. Qc3 Kb8 30. Nf5 Nd4 31. Nxd4 exd4 32. Qc5 Qe7 33. Qf5 Bc8 34.
Rh6 d3 35. cxd3 Rxd3 36. Qxf6 Qxf6 37. Rxf6 Rd2 38. Bf3 Kc7 39. e5 Bd7 40. Rf7
Kd8 41. Rxh7 Rxf2 42. Rg7 Be6 43. b4 Bd5 44. Bxd5 cxd5 45. Rxg5 Ke7 46. Rg6 Re2
47. Ra6 Rxe5 48. Kc2 Re2+ 49. Kd3 Rxg2 50. Kd4 Rxg4+ 51. Kxd5 Kd8 52. Rxa7 Kc8
53. Kc6 Kb8 54. Rb7+ Ka8 55. Rxb5 Ka7 56. Rb7+ Ka8 57. Rd7 Rg3 58. b5 Rc3+ 59.
Kb6 Rc8 60. Ka6 Rh8 61. a4 Rc8 62. a5 Rh8 63. Kb6 Rg8 64. a6 Rh8 65. Ka5 Rh6
66. Rc7 Rg6 67. Kb4 Kb8 68. Rc5 Rg8 69. Ka5 Ka8 70. b6 Kb8 71. a7+ Kb7 72. Rc7+
Ka8 73. Ka6 1-0

[Event "21. SCHACHFESTIVAL BASEL 2019 -- WEEKEND"]
[Site "?"]
[Date "2019.01.05"]
[Round "4.3"]
[White "Keough, Robert W"]
[Black "Silva, Lucas Borges Da"]
[Result "1-0"]
[WhiteElo "2129"]
[BlackElo "2002"]
[PlyCount "101"]
[EventDate "2019.01.04"]

1. e4 e5 2. Nf3 Nc6 3. Bc4 Bc5 4. O-O Nf6 5. d3 d6 6. c3 O-O 7. a4 a5 8. Na3 h6
9. Nc2 Be6 10. Bxe6 fxe6 11. d4 Bb6 12. Re1 Qe8 13. h3 Qg6 14. Qe2 Nh5 15. Nh4
Qf6 16. Be3 g5 17. Nf3 Nf4 18. Bxf4 gxf4 19. dxe5 Nxe5 20. Nxe5 dxe5 21. Qf3
Kh8 22. Rad1 Rg8 23. Kh2 Rg5 24. Rg1 Qe7 25. Rd2 Qc5 26. b4 Qe7 27. Rgd1 Rag8
28. Ne1 axb4 29. cxb4 Qxb4 30. Rd8 Bd4 31. Rxg8+ Kxg8 32. h4 Rg6 33. Qh5 Kh7
34. Nf3 Qd6 35. Nxd4 exd4 36. e5 Qd8 37. Qf3 Qxh4+ 38. Kg1 c5 39. Qxb7+ Rg7 40.
Qe4+ Kh8 41. Rb1 Rg8 42. Rb7 Rg7 43. Rb8+ Rg8 44. Rxg8+ Kxg8 45. Qg6+ Kf8 46.
Qxe6 Qh5 47. Qd6+ Ke8 48. f3 d3 49. e6 d2 50. Qd7+ Kf8 51. Qxd2 1-0

[Event "21. SCHACHFESTIVAL BASEL 2019 -- WEEKEND"]
[Site "?"]
[Date "2019.01.05"]
[Round "4.4"]
[White "Gosch, Manfred"]
[Black "Künzli, Simon"]
[Result "0-1"]
[WhiteElo "2074"]
[BlackElo "2053"]
[PlyCount "92"]
[EventDate "2019.01.04"]

1. e4 c5 2. c3 d5 3. exd5 Qxd5 4. d4 Nf6 5. Nf3 e6 6. Bd3 Nc6 7. O-O Be7 8. c4
Qd8 9. dxc5 Bxc5 10. a3 O-O 11. Nc3 b6 12. Bg5 Be7 13. Qe2 Bb7 14. Rfd1 Qc8 15.
Rac1 Rd8 16. Bh4 Rd7 17. h3 Qe8 18. Ne4 Nxe4 19. Qxe4 g6 20. Bxe7 Qxe7 21. Ne5
Nxe5 22. Qxe5 Rad8 23. Be2 Rxd1+ 24. Rxd1 Rxd1+ 25. Bxd1 Qd8 26. Be2 a5 27. Qf4
Kg7 28. Qe3 Qd6 29. f4 Qc5 30. Kf2 Qxe3+ 31. Kxe3 Bxg2 32. Kd4 Bxh3 33. c5
bxc5+ 34. Kxc5 Bg2 35. b4 h5 36. Kd4 axb4 37. axb4 Bb7 38. Ke3 Kf6 39. Kd4 h4
40. Bf1 Kf5 41. Kc5 Kxf4 42. Kb6 Be4 43. Kc5 Kg3 44. Kd4 Bb7 45. Ke5 h3 46.
Bxh3 Kxh3 0-1

[Event "21. SCHACHFESTIVAL BASEL 2019 -- WEEKEND"]
[Site "?"]
[Date "2019.01.05"]
[Round "4.5"]
[White "Kelecevic, Nedeljko"]
[Black "Balg, Matthias"]
[Result "1-0"]
[WhiteElo "2190"]
[BlackElo "2043"]
[PlyCount "65"]
[EventDate "2019.01.04"]

1. d4 d5 2. Nf3 e6 3. c4 c6 4. Qc2 f5 5. g3 Nf6 6. Bg2 Bd6 7. O-O O-O 8. Bf4
Ne4 9. Nbd2 Bxf4 10. gxf4 Nd7 11. e3 Ndf6 12. Ne5 Nxd2 13. Qxd2 Bd7 14. b4 Ng4
15. Rfd1 Nxe5 16. dxe5 Be8 17. cxd5 exd5 18. b5 Qe7 19. bxc6 bxc6 20. Rab1 Bh5
21. Rdc1 Rfc8 22. Rxc6 Rd8 23. Rd6 Rab8 24. Qxd5+ Kh8 25. Rb7 Qh4 26. h3 h6 27.
Rdd7 Be8 28. Rd6 Rdc8 29. Rxb8 Rxb8 30. Qd2 Rb1+ 31. Kh2 Bh5 32. Qc2 Re1 33.
Qc8+ 1-0

[Event "21. SCHACHFESTIVAL BASEL 2019 -- WEEKEND"]
[Site "?"]
[Date "2019.01.06"]
[Round "5.1"]
[White "Keough, Robert W"]
[Black "Rohrer, Christophe"]
[Result "1/2-1/2"]
[WhiteElo "2129"]
[BlackElo "2096"]
[PlyCount "31"]
[EventDate "2019.01.04"]

1. e4 e5 2. Nf3 Nc6 3. Bc4 Bc5 4. c3 Nf6 5. d3 d6 6. a4 a6 7. O-O Ba7 8. Re1
O-O 9. Bg5 Kh8 10. Nbd2 Ne7 11. Bxf6 gxf6 12. Nh4 Ng6 13. Nf5 Bxf5 14. exf5 Nh4
15. d4 Rg8 16. g3 1/2-1/2

[Event "21. SCHACHFESTIVAL BASEL 2019 -- WEEKEND"]
[Site "?"]
[Date "2019.01.06"]
[Round "5.2"]
[White "Künzli, Simon"]
[Black "Kandic, Milan"]
[Result "1/2-1/2"]
[WhiteElo "2053"]
[BlackElo "2136"]
[PlyCount "43"]
[EventDate "2019.01.04"]

1. e4 d6 2. d4 Nf6 3. Nc3 e5 4. dxe5 dxe5 5. Qxd8+ Kxd8 6. Nf3 Bd6 7. Bc4 Be6
8. Bxe6 fxe6 9. Be3 Nc6 10. O-O-O Ke7 11. g3 a6 12. Nd2 h6 13. f3 b5 14. Nb3
Nd7 15. h4 g6 16. Ne2 a5 17. c4 bxc4 18. Nd2 Nb6 19. Bxb6 cxb6 20. Nxc4 Bc5 21.
Nc3 Rad8 22. Na4 1/2-1/2

[Event "21. SCHACHFESTIVAL BASEL 2019 -- WEEKEND"]
[Site "?"]
[Date "2019.01.06"]
[Round "5.3"]
[White "Sadeghi, Hassan Roger"]
[Black "Kelecevic, Nedeljko"]
[Result "0-1"]
[WhiteElo "2119"]
[BlackElo "2190"]
[PlyCount "70"]
[EventDate "2019.01.04"]

1. c4 c5 2. Nc3 Nf6 3. Nf3 Nc6 4. e3 e6 5. d4 d5 6. a3 dxc4 7. Bxc4 a6 8. O-O
Be7 9. d5 exd5 10. Nxd5 O-O 11. e4 Bg4 12. h3 Bxf3 13. Qxf3 Ne5 14. Qe2 Nxc4
15. Nxe7+ Qxe7 16. Qxc4 Nxe4 17. Re1 Rfe8 18. Bf4 Qe6 19. Rac1 Qf5 20. f3 Qxf4
21. fxe4 Rac8 22. Rc3 Qe5 23. Rd3 Rcd8 24. Rf1 Qe7 25. Rxd8 Rxd8 26. Rf5 Rd1+
27. Kh2 Qd6+ 28. e5 Qd5 29. Qf4 Rd2 30. Rg5 h6 31. Rg3 Rxb2 32. Qf6 Rxg2+ 33.
Rxg2 Qxg2+ 34. Kxg2 gxf6 35. exf6 b5 0-1

[Event "21. SCHACHFESTIVAL BASEL 2019 -- WEEKEND"]
[Site "?"]
[Date "2019.01.06"]
[Round "5.4"]
[White "Xheladini, Mahmut"]
[Black "Milovanovic, Milos"]
[Result "1-0"]
[WhiteElo "2171"]
[BlackElo "1925"]
[PlyCount "79"]
[EventDate "2019.01.04"]

1. e4 c5 2. Nf3 d6 3. Nc3 Nf6 4. Bc4 e6 5. O-O Be7 6. d3 h6 7. Re1 O-O 8. a4
Nc6 9. Bd2 d5 10. Ba2 a6 11. h3 d4 12. Ne2 b5 13. g4 Nh7 14. Ng3 Ng5 15. Nxg5
Bxg5 16. f4 Bh4 17. Kh2 Qc7 18. Rf1 Ne7 19. Ne2 Kh7 20. Ng1 g5 21. Kh1 Ng6 22.
f5 exf5 23. gxf5 Ne5 24. Qh5 c4 25. Nf3 Nxf3 26. Rxf3 Bb7 27. Rg1 Rg8 28. Rg4
Qd6 29. Qxf7+ Rg7 30. Qh5 Rf8 31. Rg2 Bc6 32. Qg4 Be8 33. Rf1 Bf7 34. Rfg1 Rfg8
35. Qf3 Qc7 36. axb5 axb5 37. c3 Ra8 38. Bb1 Ra1 39. cxd4 b4 40. dxc4 1-0